Opravné položky k pohľadávkam a ich účtovné zobrazenie v účtovníctve bakalárska práca

Gespeichert in:
Bibliographische Detailangaben
1. Verfasser: Jenesová, Karin
Körperschaft: Fakulta hospodárskej informatiky EU. Katedra účtovníctva a audítorstva
Weitere Verfasser: Ballová, Martina, 1985-
Format: Buch
Sprache:Slowakisch
Veröffentlicht: Bratislava 2024
Tags: Tag hinzufügen
Keine Tags, Fügen Sie das erste Tag hinzu!

MARC

LEADER 00000nbm a2200000 4500
001 0304121
005 20250904105740.0
041 0 |a slo 
044 |a SK 
245 1 0 |a Opravné položky k pohľadávkam a ich účtovné zobrazenie v účtovníctve  |b bakalárska práca  |c Karin Jenesová ; školiteľ: Martina Ballová 
264 1 |a Bratislava  |c 2024 
300 |a 56 s. 
100 1 |a Jenesová, Karin 
700 1 |a Ballová, Martina, 1985- 
710 2 |a Fakulta hospodárskej informatiky EU. Katedra účtovníctva a audítorstva